| 000 | 00968nam0a22002531 4500 | ||
|---|---|---|---|
| 001 | v19\rc\1477418 | ||
| 005 | 20250618152137.0 | ||
| 035 | _a(NLR Aleph) 004611334 | ||
| 090 |
_a2917401 _c2917401 |
||
| 100 | _a20060620d1878 |||y0rusy50 ca | ||
| 101 | 0 | _arus | |
| 102 | _aRU | ||
| 105 | _ay b ||||| | ||
| 200 | 1 | _aКаталог книгам для г.г. иногородних книжной торговли Александра Ивановича Манухина в Москве... | |
| 210 |
_aМосква _d1878 |
||
| 215 |
_a16 с. _d18 |
||
| 532 | 1 | 2 | _aКаталог книгам для господ иногородних книжной торговли Александра Ивановича Манухина в Москве... |
| 710 | 0 | 2 |
_aМанухин, А.И., кн. маг. _cМосква |
| 801 | 0 |
_aRU _bNLR _gpsbo |
|
| 801 | 0 |
_aRU _bRuMoRGB _2psbo |
|
| 801 | 1 |
_aRU _bProSoft-M _2rusmarc |
|
| 852 |
_aNLR _j18.95.7.403 |
||
| 942 | _cBOOK | ||
| 980 | _aNB | ||